<?xml version="1.0" encoding="UTF-8"?>
<record
    xmlns:xsi="http://www.w3.org/2001/XMLSchema-instance"
    xsi:schemaLocation="http://www.loc.gov/MARC21/slim http://www.loc.gov/standards/marcxml/schema/MARC21slim.xsd"
    xmlns="http://www.loc.gov/MARC21/slim">

  <leader>02386nam a2200313 u 4500</leader>
  <controlfield tag="001">780283</controlfield>
  <controlfield tag="005">20260506093338.0</controlfield>
  <controlfield tag="008">021016e20020201                    spa  </controlfield>
  <datafield tag="020" ind1=" " ind2=" ">
    <subfield code="a">9589515347</subfield>
  </datafield>
  <datafield tag="035" ind1=" " ind2=" ">
    <subfield code="a">780283</subfield>
  </datafield>
  <datafield tag="035" ind1=" " ind2=" ">
    <subfield code="a">(OCoLC)318263023</subfield>
  </datafield>
  <datafield tag="040" ind1=" " ind2=" ">
    <subfield code="c">comduadb</subfield>
  </datafield>
  <datafield tag="041" ind1=" " ind2=" ">
    <subfield code="a">spa</subfield>
  </datafield>
  <datafield tag="082" ind1=" " ind2="4">
    <subfield code="a">571</subfield>
  </datafield>
  <datafield tag="100" ind1="1" ind2="0">
    <subfield code="a">Therrien, Monika</subfield>
    <subfield code="4">aut</subfield>
    <subfield code="e">aut</subfield>
    <subfield code="9">262379</subfield>
  </datafield>
  <datafield tag="245" ind1="1" ind2="0">
    <subfield code="a">Catalogo de ceramica colonial y republicana de la Nueva Granada : produccion local y materiales foraneos Costa Caribe, Altiplano Cundiboyacense-Colombia</subfield>
  </datafield>
  <datafield tag="260" ind1=" " ind2=" ">
    <subfield code="a">Bogot&#xE1; :</subfield>
    <subfield code="b">Fundacion de Investigaciones Arqueologicas Nacionales,</subfield>
    <subfield code="c">2002.</subfield>
  </datafield>
  <datafield tag="300" ind1=" " ind2=" ">
    <subfield code="a">221 p&#xE1;ginas :</subfield>
    <subfield code="b">ilustraciones</subfield>
  </datafield>
  <datafield tag="520" ind1="3" ind2=" ">
    <subfield code="a">Don Avito Carrascal, personaje que ha sustituido la religi&#xF3;n por la ciencia, cree que puede obtener la genialidad haciendo un adecuado programa de educaci&#xF3;n, basado en una vida austera y sin excesos. Decide Avito Carrascal que debe casarse con una d&#xF3;lico-rubia, Leoncia, pero cuando va a declararle su amor (a modo de informe cient&#xED;fico) se encuentra a una tal Marina, "braquimorena", y se casa con ella. Tienen un hijo; lo inscribe en el registro con el nombre de Apolodoro (don de Apolo, el m&#xE1;s bello), aunque su madre preferir&#xE1; llamarlo Luisito. El hijo predestinado a ser cient&#xED;fico, es sometido a las m&#xE1;s diversas pruebas, como la de sumergirlo en agua al nacer, para medir su peso espec&#xED;fico y su densidad.
De la cuidad&#xED;sima educaci&#xF3;n se encargar&#xE1; el profesor don Fulgencio de Entrambosmares. Crece Apolodoro en la mediocridad. El resultado parece normal, pero su vida, carente de sentido, est&#xE1; vac&#xED;a. Un d&#xED;a Apolodoro-Luisito se enamora de Clarita. La chica rechaza al pedante portento y prefiere a Federico, m&#xE1;s fogoso y vehemente. El genio programado sufre un desenga&#xF1;o y se suicida. Don Avito que a&#xFA;n conf&#xED;a en su m&#xE9;todo, tiene la intenci&#xF3;n de aplicar la teor&#xED;a a su nieto, hijo p&#xF3;stumo de Apoldoro-Luisito Carrascal y Petra, la criada.</subfield>
  </datafield>
  <datafield tag="650" ind1=" " ind2=" ">
    <subfield code="a">Cer&#xE1;mica colombiana</subfield>
    <subfield code="9">173092</subfield>
  </datafield>
  <datafield tag="650" ind1=" " ind2="7">
    <subfield code="a">Estilos de vida</subfield>
    <subfield code="2">dcs</subfield>
    <subfield code="9">79205</subfield>
  </datafield>
  <datafield tag="650" ind1=" " ind2=" ">
    <subfield code="a">Ceramica precolombina - Colombia</subfield>
    <subfield code="9">4716</subfield>
  </datafield>
  <datafield tag="700" ind1="1" ind2="0">
    <subfield code="a">Uprimny, Elena</subfield>
    <subfield code="4">aut</subfield>
    <subfield code="e">aut</subfield>
    <subfield code="9">360884</subfield>
  </datafield>
  <datafield tag="700" ind1="1" ind2="0">
    <subfield code="a">Loboguerrero Arenas, Jimena</subfield>
    <subfield code="4">aut</subfield>
    <subfield code="e">aut</subfield>
    <subfield code="9">384458</subfield>
  </datafield>
  <datafield tag="700" ind1="1" ind2="0">
    <subfield code="a">Salamanca, Maria Fernanda</subfield>
    <subfield code="4">aut</subfield>
    <subfield code="e">aut</subfield>
    <subfield code="9">523454</subfield>
  </datafield>
  <datafield tag="700" ind1="1" ind2="0">
    <subfield code="a">Gaitan, Felipe</subfield>
    <subfield code="4">aut</subfield>
    <subfield code="e">aut</subfield>
    <subfield code="9">360885</subfield>
  </datafield>
  <datafield tag="700" ind1="1" ind2="0">
    <subfield code="a">Fandi&#xF1;o, Marta</subfield>
    <subfield code="4">aut</subfield>
    <subfield code="e">aut</subfield>
    <subfield code="9">360886</subfield>
  </datafield>
  <datafield tag="942" ind1=" " ind2=" ">
    <subfield code="c">BOOK</subfield>
  </datafield>
  <datafield tag="999" ind1=" " ind2=" ">
    <subfield code="c">258211</subfield>
    <subfield code="d">258211</subfield>
  </datafield>
  <datafield tag="952" ind1=" " ind2=" ">
    <subfield code="0">0</subfield>
    <subfield code="1">0</subfield>
    <subfield code="4">0</subfield>
    <subfield code="7">0</subfield>
    <subfield code="8">SEMIACTIVA</subfield>
    <subfield code="a">BC</subfield>
    <subfield code="b">BC</subfield>
    <subfield code="d">2002-10-16</subfield>
    <subfield code="e">Material adquirido por canje</subfield>
    <subfield code="i">C759943</subfield>
    <subfield code="l">2</subfield>
    <subfield code="o">571.09861 C357</subfield>
    <subfield code="p">61000004133231</subfield>
    <subfield code="r">2025-09-08 11:26:38</subfield>
    <subfield code="s">2025-09-05</subfield>
    <subfield code="t">1</subfield>
    <subfield code="w">2023-04-24</subfield>
    <subfield code="y">BOOK</subfield>
  </datafield>
  <datafield tag="952" ind1=" " ind2=" ">
    <subfield code="0">0</subfield>
    <subfield code="1">0</subfield>
    <subfield code="4">0</subfield>
    <subfield code="7">0</subfield>
    <subfield code="8">SEMIACTIVA</subfield>
    <subfield code="a">BC</subfield>
    <subfield code="b">BC</subfield>
    <subfield code="d">2002-10-16</subfield>
    <subfield code="e">Material adquirido por canje</subfield>
    <subfield code="i">C759946</subfield>
    <subfield code="l">0</subfield>
    <subfield code="o">571.09861 C357 e2</subfield>
    <subfield code="p">61000004133255</subfield>
    <subfield code="r">2023-04-24 00:00:00</subfield>
    <subfield code="t">2</subfield>
    <subfield code="w">2023-04-24</subfield>
    <subfield code="y">BOOK</subfield>
  </datafield>
  <datafield tag="952" ind1=" " ind2=" ">
    <subfield code="0">0</subfield>
    <subfield code="1">0</subfield>
    <subfield code="2">FAC</subfield>
    <subfield code="4">0</subfield>
    <subfield code="7">0</subfield>
    <subfield code="8">ANTROP</subfield>
    <subfield code="a">MUSEO</subfield>
    <subfield code="b">MUSEO</subfield>
    <subfield code="d">2024-11-18</subfield>
    <subfield code="l">0</subfield>
    <subfield code="o">REF-ANTR/001</subfield>
    <subfield code="p">01062352</subfield>
    <subfield code="r">2024-11-18 00:00:00</subfield>
    <subfield code="t">3</subfield>
    <subfield code="w">2024-11-18</subfield>
    <subfield code="y">BOOKI</subfield>
  </datafield>
</record>
